000 00344nam a22001217a 4500
003 SGT
082 _a200
_bJ67K
100 _aकालेलकर, काकासाहेब
245 _aजीवन व्यवस्था
260 _bनवजीवन प्रकाशन मंदिर
_c1967
300 _a307
942 _2ddc
_cBK
999 _c31685
_d31685